<?xml version="1.0" encoding="UTF-8"?>
<collection xmlns="http://www.loc.gov/MARC21/slim">
  <record>
    <leader>00000nam  2200000   4500</leader>
    <controlfield tag="001">INLIS000000000020684</controlfield>
    <controlfield tag="005">20250729042743</controlfield>
    <datafield tag="035" ind1="#" ind2="#">
      <subfield code="a">0010-0725000214</subfield>
    </datafield>
    <controlfield tag="007">ta</controlfield>
    <controlfield tag="008">250729################|##########|#|##</controlfield>
    <datafield tag="084" ind1="#" ind2="#">
      <subfield code="a">R 0039 PKA 2024</subfield>
    </datafield>
    <datafield tag="100" ind1=" " ind2="#">
      <subfield code="a">Maryanto</subfield>
    </datafield>
    <datafield tag="245" ind1="1" ind2="#">
      <subfield code="a">Optimalisasi Pemetaan Kapasitas Sumber Daya Klaster Logistik Melalui Rancang Bangun Lapor Klaster Yang Terintegrasi Dalam Inarisk Personal dan Inalogpal Untuk Mewujudkan Dukungan Klaster Logistik Dalam Penanggulangan Bencana /</subfield>
      <subfield code="c">Maryanto</subfield>
    </datafield>
    <datafield tag="260" ind1="#" ind2="#">
      <subfield code="a">Jakarta :</subfield>
      <subfield code="b">Pusbangkom Pimnas dan Manajerial ASN,</subfield>
      <subfield code="c">2024</subfield>
    </datafield>
    <datafield tag="300" ind1="#" ind2="#">
      <subfield code="a">50 hlm. ;</subfield>
      <subfield code="c">30 cm</subfield>
    </datafield>
    <datafield tag="650" ind1="#" ind2="4">
      <subfield code="a">Rancang Bangun</subfield>
    </datafield>
    <datafield tag="650" ind1="#" ind2="4">
      <subfield code="a">Lapor Klaster</subfield>
    </datafield>
    <datafield tag="520" ind1="#" ind2="#">
      <subfield code="a">Terbatasnya sarana transportasi yang sesuai kapasitas angkut yang dimiliki oleh BPBD di daerah dan juga banyak kendaraan yang dimiliki sudah tidak layak jalan. Ketersediaan sumber daya manusia yang kurang memadai dapat menghambat proses distribusi logistik. Banyaknya jalur yang susah dilewari oleh kendaraan darat dapat menyebabkan penyaluran bantuan logistik terlambat. Butuh jenis kendaraan yang menyesuaikan dengan lokasi./</subfield>
    </datafield>
    <datafield tag="990" ind1="#" ind2="#">
      <subfield code="a">2024/1.2.3/A/0039</subfield>
    </datafield>
  </record>
</collection>
